Most Spoken Languages in Asia - Statistics

General Stats
  • This quiz has been taken 166 times
    109 since last reset
  • The average score is 5 of 10
Answer Stats
Languages % Correct
Chinese/Mandarin
100%
Hindi
96%
Arabic
53%
Japanese
53%
Bengali
46%
English
46%
Indonesian
40%
Russian
40%
Punjabi
37%
Filipino
35%
No matching quizzes found
Score Distribution
Percent of People with Each Score
Percentile by Number Answered
Your Score History
You have not taken this quiz since the last reset